00422nam a2200145 a 450000500170000000800410001705000180005810000200007624500850009626000330018130000190021444000200023365000140025365000090026720140412111238.0001109s19uu xx 00 eng d aERbTa11 1989 aDamashek, Sandy aMy Tall book of happy town /cstory by Sandy Damashek ; illustrated by Ann Iosa. aNew York :bPlaymore,c1989. a[12] p. ; ill. aPreschool Press aCommunity aTown